| 000 | 00602nam a2200181Ia 4500 | ||
|---|---|---|---|
| 005 | 20211110114345.0 | ||
| 008 | 130821s1999 ck gr spa | ||
| 040 |
_aCo-BoUCM _bspa _c[Nuevo] _d[Nuevo] |
||
| 041 | 0 | 0 | _aspa |
| 245 | 0 | 0 |
_aHistoria del fútbol profesional Colombiano _cEl Espectador |
| 260 |
_aBogotá (Cundinamarca, Colombia) _bEl Espectador _c1999 |
||
| 300 | _a120 páginas | ||
| 650 | 0 | 4 |
_aDeportes _9388 |
| 650 | 0 | 4 |
_aFútbol _xHistoria _zColombia _97649 |
| 710 |
_aEl Espectador _937233 |
||
| 942 |
_a11 _e1 _mH673 _cLIBRO _2DEWEY _h796.334092 |
||
| 999 |
_c28647 _d28647 |
||